| 000 | 00702cam2a220024100 4500 | ||
|---|---|---|---|
| 001 | qce00273561 | ||
| 005 | 20190815100717.0 | ||
| 008 | 790410s1979 ohu 000 0 eng d | ||
| 020 | _a0910728055 | ||
| 035 | _a(Sirsi) r46807 | ||
| 035 | _a(QCAT)lss02297404 | ||
| 035 | _a(UPRA)qce00273561 | ||
| 040 | _dUPRA | ||
| 100 | 1 |
_aWillke, J. C. (Jack C.) _qWillke, J. C. (Jack C.) _6A4759.1 |
|
| 245 | 1 | 0 |
_aHandbook on abortion / _cby Dr. & Mrs. J.C. Willke. |
| 250 | _aRev. ed. | ||
| 260 |
_aCincinnati, OH : _bHayes Pub. Co., _c1979. |
||
| 650 | 0 |
_aAbortion. _6S3362.1 |
|
| 700 | 1 |
_aWillke, Barbara. _6A4760.1 |
|
| 949 |
_aHQ767 _wlcc _mMAIN _tBOOK _lON-SHELF |
||
| 004 | 46807 | ||
| 987 | _aWITHDRAWN. | ||
| 999 |
_c62002 _d62002 |
||